01171nam a22003017a 4500999001500000001000600015003000900021005001700030008004100047020002500088039002000113040004800133082002000181100001800201245004400219246004500263250001300308260004700321300002600368500002400394504003600418520012400454650005600578650004300634700005300677942001200730952012700742 c8223d822321727BD-DhUAP20221203121000.0041102s20052010enk f b 001 0 eng  a9780198818403 (pbk.) a(OCoLC)57669990 aBD-DhUAPbengcBD-DhUAPdBD-DhUAPeBD-DhUAP04a364.941 CAM2221 aCampbell, Liz14aThe criminal process /c Liz Campbell, 33aCriminal process :ban evaluative study. a5th. ed. aOxford :bOxford University Press,cc2010. axix, 415 p. ;c25 cm. aPrevious ed.: 1998. aInclude bibliography and Index. aThe Criminal Process addresses one of the most controversial areas of the entire criminal process: the pre-trial stage. 0aCriminal justice, Administration ofzGreat Britain. 0aCriminal investigationzGreat Britain.1 aLiz Campbell, Andrew Ashworth and Mike Redmayne. 2ddccBK 00102ddc4070aUAPCLbUAPCLcGeneral Stacksd2022-12-03o364.941 CAMp3010021727r2022-12-03t1v2100.00w2022-12-03yBK